| 000 | 01068nam a2200325 a 4500 | ||
|---|---|---|---|
| 001 | 200461918 | ||
| 003 | TR-AnTOB | ||
| 005 | 20240925073651.0 | ||
| 007 | ta | ||
| 008 | 240719s1969 tu 000 1 tur d | ||
| 040 |
_aTR-AnTOB _beng _erda _cTR-AnTOB _dTR-AnTOB |
||
| 041 | 1 |
_atur _hrus |
|
| 050 |
_aPG3476.S53 _bS619 1971 |
||
| 090 |
_aPG3476.S53 _bS619 1971 |
||
| 100 | 1 |
_aSimonov, Konstantin, _eauthor _d1915-1979 _9145943 |
|
| 245 | 1 | 0 |
_aİnsan asker doğmaz / _cKonstantin Simonof ; Türkçesi Aydın Emeç. |
| 264 | 1 |
_aİstanbul : _bE Yayınları, _c1971. |
|
| 300 |
_a757 pages ; _c20 cm |
||
| 336 |
_atext _btxt _2rdacontent |
||
| 337 |
_aunmediated _bnc _2rdamedia |
||
| 338 |
_avolume _bn _2rdacarrier |
||
| 490 | 1 |
_aE yayınları ; _v9 |
|
| 500 | _aOriginal title : Soldatemi ne rezdayutsa. | ||
| 650 | 0 |
_aRus romanı _916149 |
|
| 650 | 7 |
_aDünya Savaşı, 1939-1945 _vRoman _2etuturkob _xFiction. _984749 |
|
| 700 | 1 |
_aEmeç, Aydın _etranslator _918688 |
|
| 730 | 0 | 2 |
_aSoldatemi ne rezdayutsa. _lTurkish. |
| 942 |
_2lcc _cBK |
||
| 999 |
_c200461918 _d80130 |
||